Built upon the rock : (Record no. 119730)
[ view plain ]
| 000 -LEADER | |
|---|---|
| fixed length control field | 02519cam a2200337 a 4500 |
| 001 - CONTROL NUMBER | |
| control field | 15044161 |
| 003 - CONTROL NUMBER IDENTIFIER | |
| control field | ARRUPE |
| 005 - DATE AND TIME OF LATEST TRANSACTION | |
| control field | 20140128134838.0 |
| 008 - FIXED-LENGTH DATA ELEMENTS--GENERAL INFORMATION | |
| fixed length control field | 071015s2008 miua b 001 0 eng |
| 010 ## - LIBRARY OF CONGRESS CONTROL NUMBER | |
| LC control number | 2007042523 |
| 020 ## - INTERNATIONAL STANDARD BOOK NUMBER | |
| International Standard Book Number | 9780802845634 (pbk. : alk. paper) |
| 020 ## - INTERNATIONAL STANDARD BOOK NUMBER | |
| International Standard Book Number | 0802845630 (pbk. : alk. paper) |
| 035 ## - SYSTEM CONTROL NUMBER | |
| System control number | (OCoLC)ocn177059616 |
| 035 ## - SYSTEM CONTROL NUMBER | |
| System control number | (OCoLC)177059616 |
| Canceled/invalid control number | (OCoLC)176882343 |
| 040 ## - CATALOGING SOURCE | |
| Original cataloging agency | DLC |
| Transcribing agency | DLC |
| Modifying agency | BAKER |
| -- | C#P |
| -- | YDXCP |
| -- | BTCTA |
| -- | DLC |
| 050 00 - LIBRARY OF CONGRESS CALL NUMBER | |
| Classification number | BS2555.52 |
| Item number | .B85 2008 |
| 082 00 - DEWEY DECIMAL CLASSIFICATION NUMBER | |
| Classification number | 226.2/06 |
| Edition number | 22 |
| 300 ## - PHYSICAL DESCRIPTION | |
| Other physical details | ill. ; |
| Dimensions | 24 cm. |
| 100 ## - MAIN ENTRY--PERSONAL NAME | |
| Personal name | Gurtner, Daniel M. |
| 9 (RLIN) | 7157 |
| 245 00 - TITLE STATEMENT | |
| Title | Built upon the rock : |
| Remainder of title | studies in the Gospel of Matthew / |
| Statement of responsibility, etc | edited by Daniel M. Gurtner & John Nolland. |
| 260 ## - PUBLICATION, DISTRIBUTION, ETC. (IMPRINT) | |
| Place of publication, distribution, etc | Grand Rapids, Mich. : |
| Name of publisher, distributor, etc | William B. Eerdmans Pub., |
| Date of publication, distribution, etc | 2008. |
| 300 ## - PHYSICAL DESCRIPTION | |
| Extent | xv, 331 p. : |
| 504 ## - BIBLIOGRAPHY, ETC. NOTE | |
| Bibliography, etc | Includes bibliographical references (p. 290-312) and indexes. |
| 505 0# - FORMATTED CONTENTS NOTE | |
| Formatted contents note | Matthew's sources : oral or written? A rabbinic analogy and empirical insights / Armin D. Baum -- How Matthew tells the story : a linguistic approach to Matthew's syntax / Stephanie L. Black -- Not the law but the Messiah : law and righteousness in the Gospel of Matthew : an ongoing debate / Roland Deines -- [From] ... [to] and salvation history in Matthew's gospel / Mervyn Eloff -- Matthew and Jerusalem / R.T. France -- Matthew's theology of the temple and the "parting of the ways" : Christian origins and the First Gospel / Daniel M. Gurtner -- Matthew and anti-semitism / John Nolland -- Holiness and ecclesiology : the church in Matthew / Donald A. Hagner -- The rock on which to build : some mainly Pauline observations about the Sermon on the Mount / David Wenham -- Balaam-Laban as the key to the Old Testament quotations in Matthew 2 / David Instone-Brewer -- "The virgin will conceive" : typological fulfillment in Matthew 1:18-23 / James M. Hamilton, Jr. -- The rhetoric of hearing : the use of the Isaianic hearing motif in Matthew 11:2-16:20 / Jeannine K. Brown -- Reflections on the writing of a commentary on the Gospel of Matthew / R.T. France and John Nolland. |
| 630 00 - SUBJECT ADDED ENTRY--UNIFORM TITLE | |
| Uniform title | Bible. |
| Name of part/section of a work | Matthew |
| General subdivision | Criticism, interpretation, etc. |
| 9 (RLIN) | 7158 |
| 700 1# - ADDED ENTRY--PERSONAL NAME | |
| Personal name | Gurtner, Daniel M. |
| 9 (RLIN) | 7159 |
| 700 1# - ADDED ENTRY--PERSONAL NAME | |
| Personal name | Nolland, John. |
| 9 (RLIN) | 7160 |
| 856 41 - ELECTRONIC LOCATION AND ACCESS | |
| Materials specified | Table of contents only |
| Uniform Resource Identifier | <a href="http://www.loc.gov/catdir/toc/ecip082/2007042523.html">http://www.loc.gov/catdir/toc/ecip082/2007042523.html</a> |
| 906 ## - LOCAL DATA ELEMENT F, LDF (RLIN) | |
| a | 7 |
| b | cbc |
| c | orignew |
| d | 1 |
| e | ecip |
| f | 20 |
| g | y-gencatlg |
| 942 ## - ADDED ENTRY ELEMENTS (KOHA) | |
| Source of classification or shelving scheme | Library of Congress Classification |
| Koha item type | Monograph ( Printed materials) |
| Withdrawn status | Lost status | Source of classification or shelving scheme | Damaged status | Not for loan | Collection code | Home library | Current library | Shelving location | Date acquired | Total Checkouts | Full call number | Barcode | Date last seen | Price effective from | Koha item type |
|---|---|---|---|---|---|---|---|---|---|---|---|---|---|---|---|
| Library of Congress Classification | Main Collection | ARRUPE LIBRARY | ARRUPE LIBRARY | Main Collection | 28/01/2014 | BS2555.52 .B85 2008 | 464122373 | 07/12/2016 | 28/01/2014 | Monograph ( Printed materials) |